000 00360nam a2200133 i 4500
001 bg
100 1 _aKRÓLIKOWSKI, Stanisław
245 0 _aProdukcja rolnicza w województwie koszalińskim w latach 1950-1975 /
_cS. Królikowski.
260 _aKoszalin,
_c1974.
040 _cBPK
041 _apol
942 _cKS
008 s pl f |000 0 pol
999 _c19964
_d19964
856 _uhttp://koha.tu.koszalin.pl/cgi-bin/koha/opac-detail.pl?biblionumber=19964
_yKatalog online BPK